ARRUPE JESUIT UNIVERSITY

CORONAVIRUS -STOP THE SPREAD - CLEAN,DISINFECT,COVER
Normal view MARC view

Entry Geographic Name

Number of records used in: 1

001 - CONTROL NUMBER

  • control field: 45294

003 - CONTROL NUMBER IDENTIFIER

  • control field: ARRUPE

005 - DATE AND TIME OF LATEST TRANSACTION

  • control field: 20190322094028.0

008 - FIXED-LENGTH DATA ELEMENTS

  • fixed length control field: 190322|| aca||aabn | a|a d

040 ## - CATALOGING SOURCE

  • Original cataloging agency: ARRUPE
  • Transcribing agency: ARRUPE

151 ## - HEADING--GEOGRAPHIC NAME

  • Geographic name: Zimbabwe
  • General subdivision: History
  • Chronological subdivision: 1890-1923

670 ## - SOURCE DATA FOUND

  • Source citation: Work cat.: (ARRUPE)18854: Beach, D.N 15747, War and Politics in Zimbabwe 1840-1900, 1986

 

Arrupe Library. PO Box MP320 Mt Pleasant, Harare, Zimbabwe
263 242 745411|librarian@aju.ac.zw